| 000 | 02223cam a2200301Ka 4500 | ||
|---|---|---|---|
| 082 | 0 | 4 |
_a960 _bSMI |
| 100 | 1 |
_aSmith, Arthur Donaldson, _950127 |
|
| 245 | 1 | 0 |
_aThrough unknown African countries _bthe first expedition from Somaliland to Lake Lamu / _cby A. Donaldson Smith ... ; illustrated. |
| 260 |
_aLondon ; _aNew York : _bEdward Arnold, publisher to the India Office, _c1897, c1896. |
||
| 300 |
_axvi, 471, [5] p., [6] leaves of plates (5 folded) : _bill., facsim., 6 maps (some col.), ports. ; _c26 cm. |
||
| 500 | _aAdvertisements at end. | ||
| 500 | _aIssued in publisher's gold-stamped pictorial cloth binding (title and elephant's head with golden tusks within ruled borders). | ||
| 505 | 2 | _aAppendices: A. Report on a collection of fishes made by Dr. A. Donaldson Smith during his expedition to Lake Rudolf / by Dr. Albert Günther -- V. Order Araneae / by Eugène Simon -- C. Solifugae, Scorpiones, Chilopoda, and Diplopoda / by R.I. Pocock -- D. List of Lepidoptera Heterocera collected by Dr. A. Donaldson Smith / by W.J. Holland -- E. Note on Dr. Donaldson Smith's geological collection / by J.W. Gregory -- F. On the fossil Cephalopoda from Somaliland collected by Dr. Donaldson Smith / by G.C. Crick -- G. Catalogue of ethnographical objects from Somaliland and the Galla country collected by Dr. A. Donaldson Smith, in Museum of Science and Art, University of Pennsylvania / by Stewart Culin -- H. Lists of a few words spoken by the Konso, Dume, and Arbore (Amar) tribes -- I. Coleoptera / by Dr. Karl Jordan -- J. Emperor Menelek's letter (French translation). | |
| 526 |
_a0 _b0 _c0 _d960_000000000000000_SMI |
||
| 650 | 0 |
_aNatural history _zAfrica, East. _950128 |
|
| 650 | 0 |
_aScientific expeditions _zAfrica, East. _950129 |
|
| 700 | 1 |
_aCrick, G. C. _950130 |
|
| 700 | 1 |
_aCulin, Stewart, _950131 |
|
| 700 | 1 |
_aGregory, J. W. _950132 |
|
| 700 | 1 |
_aGünther, Albert C. L. G. _950133 |
|
| 700 | 1 |
_aHolland, W. J. _950134 |
|
| 700 | 1 |
_aJordan, Karl, _950135 |
|
| 700 | 1 |
_aPocock, R. I. _950136 |
|
| 700 | 1 |
_aSimon, Eugène, _950137 |
|
| 856 | 4 | 0 | _uhttp://catalog.hathitrust.org/api/volumes/oclc/46321291.html |
| 856 | 4 | 0 | _uhttp://catalog.hathitrust.org/api/volumes/oclc/852411.html |
| 942 |
_2ddc _cBK |
||
| 999 |
_c552866 _d552866 |
||